| 000 | 00612nam a22001937a 4500 | ||
|---|---|---|---|
| 005 | 20251108170752.0 | ||
| 008 | 250721s2001 xx 000 0 ara d | ||
| 082 | 1 | 4 | _a211.3/شكر |
| 100 | 1 |
_aشكري، أحمد خالد _eمؤلف |
|
| 245 | 1 | 0 | _aمقدمات في علم القراءات / |
| 264 | 1 |
_aعمان : _bدار عمار، _c2001. |
|
| 300 | _a262ص. | ||
| 650 | 1 | 7 | _aالقرآن الكريم |
| 650 | 1 | 7 | _aعلم القراءات |
| 700 | 1 |
_aالقضاة، أحمد محمد مفلح _eمؤلف |
|
| 700 | 1 |
_aمنصور، محمد خالد _eمؤلف |
|
| 942 |
_2ddc _cBK |
||
| 999 |
_c48535 _d48535 |
||